Kế toán tài chính : Đã sửa đổi, bổ sung theo quyết định 15/2006/QĐ-BTC thông tư 20/2006/TT-BTC, thông tư 21/2006/TT-BTC (Ban hành ngày 20/03/2006 của Bộ Tài chính)
Trình bày công tác tổ chức kế toán trong doanh nghiệp, kế toán các nguyên vật liệu, công cụ, dụng cụ, kế toán tiền lương, kế toán tài sản cố định và bất động sản, kế toán các khoản thu, chi,...
Guardado en:
| Autor principal: | |
|---|---|
| Formato: | Libro |
| Lenguaje: | Undetermined |
| Publicado: |
Hà Nội
Thống Kê
2008
|
| Materias: | |
| Etiquetas: |
Agregar Etiqueta
Sin Etiquetas, Sea el primero en etiquetar este registro!
|
| Thư viện lưu trữ: | Trung tâm Học liệu Trường Đại học Cần Thơ |
|---|
| LEADER | 01073nam a2200229Ia 4500 | ||
|---|---|---|---|
| 001 | CTU_142239 | ||
| 008 | 210402s9999 xx 000 0 und d | ||
| 020 | |c 78500 | ||
| 082 | |a 657.42 | ||
| 082 | |b D513 | ||
| 100 | |a Phan, Đức Dũng | ||
| 245 | 0 | |a Kế toán tài chính : | |
| 245 | 0 | |b Đã sửa đổi, bổ sung theo quyết định 15/2006/QĐ-BTC thông tư 20/2006/TT-BTC, thông tư 21/2006/TT-BTC (Ban hành ngày 20/03/2006 của Bộ Tài chính) | |
| 245 | 0 | |c Phan Đức Dũng | |
| 260 | |a Hà Nội | ||
| 260 | |b Thống Kê | ||
| 260 | |c 2008 | ||
| 520 | |a Trình bày công tác tổ chức kế toán trong doanh nghiệp, kế toán các nguyên vật liệu, công cụ, dụng cụ, kế toán tiền lương, kế toán tài sản cố định và bất động sản, kế toán các khoản thu, chi,... | ||
| 650 | |a Accounting,Finance,Kế toán | ||
| 650 | |x Management | ||
| 904 | |i Năm | ||
| 980 | |a Trung tâm Học liệu Trường Đại học Cần Thơ | ||